|
|
|
|
| LEADER |
00673nab a2200169 i 4500 |
| 001 |
univ48950 |
| 005 |
20181105155122.0 |
| 008 |
181105s2018 hu o 0|| zxx d |
| 040 |
|
|
|a SZTE UnivHistória Repozitórium
|b hun
|
| 041 |
|
|
|a zxx
|
| 245 |
0 |
0 |
|a Hétköznapi hős lett a szegedi pszichológus
|h [elektronikus dokumentum]
|
| 260 |
|
|
|c 2018-11-03
|
| 300 |
|
|
|a 3
|
| 490 |
0 |
|
|a Délmagyarország
|v 108 No. 255
|
| 561 |
|
|
|a Egyetemi hirarchívum
|
| 695 |
|
|
|a Csabai Márta, Kitüntetés - Mellrák Elleni Küzdelem Hétköznapi Hősei, Bölcsészet- és Társadalomtudományi Kar, Pszichológiai Intézet
|
| 856 |
4 |
0 |
|u http://univ.bibl.u-szeged.hu/48950/1/9884837.pdf
|z Dokumentum-elérés
|